000 00652nam a2200217Ii 4500
003 JO-AjNU
008 230605s9999||||xx |||||||||||||| ||und||
017 _a1979/5184
040 _aJO-AjNU
_bara
_erda
_cJO-AjNU
041 _aara
050 1 4 _aLB1025.M8722 1979
100 3 _aمطاوع،إبراهيم عصمت,
_eauthor
_920213
245 0 0 _aأصول التربية
250 _aط1
264 3 1 _aالقاهرة:دار المعارف،1979
300 _a316ص
336 _atext
_btxt
_2rdacontent
337 _aunmediated
_bn
_2rdamedia
338 _avolume
_bnc
_2rdacarrier
650 4 _a التربية و التعليم-فلسفة
_920214
999 _aA6811
_c10379
_d10379